Southville International School and Colleges
Your cart is empty.
  • Cart
  • Lists
    Public lists Eva Luna New books Lux_list list_1
    Your lists Log in to create your own lists
  • Log in to your account
  • Your cookies
  • Search history
Southville International School and Colleges
  • Advanced search
  • Recent comments
  • Most popular
  • Libraries

Log in to your account

Log in with GOOGLE


If you do not have an external account, but do have a local account, you can still log in:

  1. Home
  2. MARC view: Jurassic Park :
Normal view MARC view ISBD view

Jurassic Park : (Record no. 344905)

[ view plain ]
MARC details
000 -LEADER
fixed length control field 00685nam a2200265Ia 4500
008 - FIXED-LENGTH DATA ELEMENTS--GENERAL INFORMATION
fixed length control field 171025s9999 xx 000 0 und d
020 ## - INTERNATIONAL STANDARD BOOK NUMBER
International Standard Book Number 9780448401738
050 ## - LIBRARY OF CONGRESS CALL NUMBER
Classification number 813.54
050 ## - LIBRARY OF CONGRESS CALL NUMBER
Item number M399 1993
100 ## - MAIN ENTRY--PERSONAL NAME
Personal name Mason, Jane
245 ## - TITLE STATEMENT
Title Jurassic Park :
245 ## - TITLE STATEMENT
Remainder of title the movie storybook /
245 ## - TITLE STATEMENT
Statement of responsibility, etc adapted by Jane Mason ; novel by Michael Crichton.
260 ## - PUBLICATION, DISTRIBUTION, ETC. (IMPRINT)
Place of publication, distribution, etc New York :
260 ## - PUBLICATION, DISTRIBUTION, ETC. (IMPRINT)
Name of publisher, distributor, etc Grosset & Dunlap,
260 ## - PUBLICATION, DISTRIBUTION, ETC. (IMPRINT)
Date of publication, distribution, etc 1993
300 ## - PHYSICAL DESCRIPTION
Extent unpages :
300 ## - PHYSICAL DESCRIPTION
Other physical details colored illustrations ;
300 ## - PHYSICAL DESCRIPTION
Dimensions 24cm.
650 ## - SUBJECT ADDED ENTRY--TOPICAL TERM
Topical term or geographic name as entry element English fiction --
650 ## - SUBJECT ADDED ENTRY--TOPICAL TERM
Topical term or geographic name as entry element United States.
650 ## - SUBJECT ADDED ENTRY--TOPICAL TERM
General subdivision Children's stories.
700 ## - ADDED ENTRY--PERSONAL NAME
Personal name Crichton, Michael.
700 ## - ADDED ENTRY--PERSONAL NAME
Personal name Title.
Holdings
Withdrawn status Lost status Damaged status Home library Current library Date acquired Total Checkouts Full call number Barcode Date last seen Price effective from Koha item type
      Stonyhurst Southville International School (Malarayat) Stonyhurst Southville International School (Malarayat) 10/25/2017   NF 813.54 M399 1993 SSISM3958 10/25/2017 10/25/2017 Books

Jurassic Park :

APA

Mason J., Crichton M. & Title.Jurassic Park. New York: .

Chicago

Mason Jane, Crichton Michael and Title.Jurassic Park. New York: .

Harvard

Mason J., Crichton M. and Title.Jurassic Park. New York: .

MLA

Mason Jane, Crichton Michael and Title.New York: . .

  • Place hold
  • Print
  • Cite
  • Add to your cart (remove)
  • Save record
    BIBTEX Dublin Core MARCXML MARC (non-Unicode/MARC-8) MARC (Unicode/UTF-8) MARC (Unicode/UTF-8, Standard) MODS (XML) RIS
  • More searches
    Search for this title in:
    Other Libraries (WorldCat) Other Databases (Google Scholar) Online Stores (Bookfinder.com) Open Library (openlibrary.org)

Exporting to Dublin Core...

SOUTHVILLE LIBRARY

Southville International School and Colleges Library

1281 Tropical Ave. Cor. Luxembourg St., BF Homes International, Las Pinas City

Tel. No. 8256374 / 252358 Loc. 117/146

Powered by Koha